000 01207nam0a22002531i 4500
001 rc\4374630
005 20240724142546.0
021 _aRU
_b[64-3540ж]
035 _a(NLR Aleph) 008543303
090 _a8360683
_c8360683
100 _a20130416d1963 |||y0rusy50 ca
101 0 _arus
102 _aRU
105 _ay z |||||
200 1 _aВопросы клинической и экспериментальной микробиологии
_e[Сборник статей
_fРедколлегия: доц. Н.Р. Иванов (отв. ред.) и др.]
210 _aСаратов
_cБ. и.
_d1963
215 _a227 с.
_cграф.
_d20
225 1 _aСаратовский государственный медицинский институт. Сборник научных работ
_fОтд-ние Всерос. о-ва эпидемиологов, микробиологов и инфекционистов
_vТ. 42 (59)
320 _aБиблиогр.: с. 203-204 (20 назв.) и с. 223-224 (19 назв.)
606 _aМикробиология медицинская
_jСборники
_2psbo
801 0 _aRU
_bNLR
_gpsbo
801 1 _aRU
_bELAR
_2rusmarc
852 _aNLR
_jП16/335
942 _cBOOK